Každý z nás má svoju klietku V Košiciach vzniklo nové nezávislé divadlo QUIDO

Bibliographic Details
Main Author: pan (Author)
Corporate Author: Quido (divadlo mladých tvorcov) (Author)
Format: Article
Language:Slovak
Subjects:

MARC

LEADER 00000nab a2200000 a 4500
001 vtls000902635
003 SK-MaSNL
005 20260302175850.0
008 040720e19980825xo 0 slo
035 |a KE11608 
040 |a KEVKJB  |b slo  |c KEVKJB  |e AACR2 
041 0 |a slo 
044 |a xo  |c SK 
080 |a 792  |2 1981 
100 0 |a pan  |4 aut  |9 827435 
245 1 0 |a Každý z nás má svoju klietku  |b V Košiciach vzniklo nové nezávislé divadlo QUIDO 
610 2 7 |a Quido (divadlo mladých tvorcov)  |2 KEVKJB  |9 877890 
650 0 7 |a divadlo  |2 KEVKJB  |9 3335 
650 0 7 |a vznik  |2 KEVKJB  |9 315833 
650 0 7 |a informácie  |2 KEVKJB  |9 1285 
651 7 |a Košice (Slovensko)  |2 KEVKJB  |9 18694 
651 7 |a KE,  |2 KEVKJB  |9 877256 
655 7 |a periodikum  |2 snkbucl  |9 29553 
710 2 |a Quido (divadlo mladých tvorcov)  |4 aut  |9 877890 
773 0 8 |t Košický večer  |g Roč. 9  |g Roč. 30, č.163, 25.8.1998, s. 4 
852 |a ZVYKNI  |b KIS3GCP 
999 |c 1408577  |d 1410507